Dzielnice Rzeszowa - Statystyki

Ogólne statystyki
  • Ten quiz został rozwiązany 39 razy
  • Średni wynik to 17 z 33
Statystyki odpowiedzi
Odpowiedź % Poprawnych
Baranówka
83%
Nowe Miasto
83%
Staromieście
80%
Śródmieście
77%
Drabinianka
71%
Zalesie
69%
Słocina
63%
Biała
60%
Staroniwa
60%
Załęże
60%
Budziwój
57%
Miłocin
57%
Pobitno
57%
Piastów
54%
Przybyszówka
54%
Wilkowyja
54%
1000-lecia
51%
Kmity
49%
Zwięczyca
49%
Bzianka
46%
Dąbrowskiego
46%
Matysówka
46%
Krakowska-Południe
43%
Paderewskiego
40%
Zawiszy Czarnego
40%
Grota Roweckiego
37%
Mieszka I
34%
Pogwizdów Nowy
34%
Miłocin-św. Huberta
31%
Kotuli
29%
Pułaskiego
29%
Andersa
26%
Króla Augusta
26%
Nie znaleziono quizów pasujących do podanych kryteriów
Rozkład punktacji
Procent ludzi z każdym wynikiem
Percentyl według liczby udzielonych odpowiedzi
Twoja historia wyników
Nie rozwiązałeś tego quizu